Sandra Bullock - Sudden Death - Statistics

General Stats
  • This quiz has been taken 607 times
  • The average score is 7 of 16
Answers on the Grid
Answers color-coded by a green-red scale on the quiz's grid according to % correct below.
Speed 2
The Heat
A Quiet Place
Ocean’s Eleven
The 355
Mystic Pizza
While You Were Sleeping
The Witches of Eastwick
How to Lose a Guy in 10 Days
A Time to Kill
Vanilla Sky
The Net
Just Friends
28 Days
The Lost City
Miss Congeniality
Ticket to Paradise
Bird Box
Out of Sight
Practical Magic
Two Weeks’ Notice
The Lake House
Eagle Eye
Mississippi Burning
The Proposal
The Blind Side
Bridesmaids
Our Brand is Crisis
Gravity
Enemy of the State
 
Answer Stats
Answer % Correct
Speed 2
72%
Miss Congeniality
62%
The Blind Side
56%
The Proposal
49%
Bird Box
48%
Gravity
48%
While You Were Sleeping
45%
The Heat
42%
Two Weeks’ Notice
39%
The Lake House
37%
The Net
36%
Practical Magic
35%
28 Days
29%
A Time to Kill
27%
The Lost City
25%
Our Brand is Crisis
9%
No matching quizzes found
Score Distribution
Percent of People with Each Score
Percentile by Number Answered
Your Score History
You have not taken this quiz